[Event "Lynskak DM 2023"]
[Site "Hvidovre"]
[Date "2023.05.14"]
[Round "3.4"]
[White "Hansen, Jacob Ost"]
[Black "Pedersen, Daniel Vesterbaek"]
[Result "0-1"]
[WhiteElo "2338"]
[BlackElo "2212"]
[PlyCount "50"]
[EventDate "2023.05.14"]
[EventType "swiss"]
[EventRounds "13"]
[EventCountry "DEN"]
[SourceTitle "Live v. Kasper Jerwiarz"]

1. g3 d5 2. Nf3 g6 3. Bg2 Bg7 4. O-O Nf6 5. d3 O-O 6. Nbd2 c5 7. e4 Nc6 8. Re1
e5 9. c3 Re8 10. Qb3 d4 11. c4 Rb8 12. a3 a6 13. Qc2 Qe7 14. Re2 Nh5 15. Rb1
Bd7 16. Ne1 Bg4 17. f3 Bd7 18. Nf1 Qd6 19. b4 cxb4 20. c5 Qc7 21. axb4 b6 22.
Ba3 bxc5 23. bxc5 Qa5 24. Ra1 Rb5 25. Bb2 Qc7 0-1

[Event "Lynskak DM 2023"]
[Site "Hvidovre"]
[Date "2023.05.14"]
[Round "3.5"]
[White "Hoi, Carsten"]
[Black "Kistrup, Nicolai"]
[Result "0-1"]
[WhiteElo "2333"]
[BlackElo "2300"]
[PlyCount "54"]
[EventDate "2023.05.14"]
[EventType "swiss"]
[EventRounds "13"]
[EventCountry "DEN"]
[SourceTitle "Live v. Kasper Jerwiarz"]

1. d4 Nf6 2. Nc3 d5 3. Bg5 c5 4. Bxf6 gxf6 5. e4 dxe4 6. dxc5 Qxd1+ 7. Rxd1 Be6
8. Bb5+ Nc6 9. Nge2 f5 10. Nf4 Rc8 11. b4 Bg7 12. Nce2 Bd7 13. c3 e6 14. O-O
Ke7 15. a4 Rhd8 16. f3 a6 17. Bc4 Ne5 18. Ba2 exf3 19. gxf3 Bxa4 20. Rd4 Bc6
21. Rxd8 Rxd8 22. Nd4 Bh6 23. Ng2 Rg8 24. Kf2 Nd3+ 25. Ke2 Rxg2+ 26. Kxd3 Rd2+
27. Kc4 Bd5# 0-1

[Event "Lynskak DM 2023"]
[Site "Hvidovre"]
[Date "2023.05.14"]
[Round "3.6"]
[White "Skytte, Rasmus"]
[Black "Andersen, Mads"]
[Result "0-1"]
[WhiteElo "2430"]
[BlackElo "2615"]
[PlyCount "70"]
[EventDate "2023.05.14"]
[EventType "swiss"]
[EventRounds "13"]
[EventCountry "DEN"]
[SourceTitle "Live v. Kasper Jerwiarz"]

1. b3 g6 2. Bb2 Nf6 3. g3 Bg7 4. Bg2 O-O 5. Nf3 d5 6. d4 a5 7. O-O a4 8. c4 c6
9. Ne5 Ng4 10. Nd2 a3 11. Bc3 Nxe5 12. dxe5 d4 13. Bb4 Bxe5 14. Nf3 Bf6 15. Rc1
Qb6 16. Bd2 c5 17. Bh6 Rd8 18. Ne1 Nc6 19. Nd3 Bf5 20. Qd2 e5 21. h4 e4 22. Nf4
Nb4 23. g4 Bxg4 24. Bxe4 Bxh4 25. Nd5 Nxd5 26. Bxd5 Qf6 27. e4 g5 28. f4 Qxh6
29. Qg2 Be6 30. fxg5 Qxg5 31. Rc2 Bxd5 32. exd5 h6 33. Rf5 Qxg2+ 34. Rxg2+ Bg5
35. Rf6 Ra6 0-1

[Event "Lynskak DM 2023"]
[Site "Hvidovre"]
[Date "2023.05.14"]
[Round "3.7"]
[White "Simonsen, Jesper"]
[Black "Olsen, Filip Boe"]
[Result "0-1"]
[WhiteElo "2108"]
[BlackElo "2435"]
[PlyCount "56"]
[EventDate "2023.05.14"]
[EventType "swiss"]
[EventRounds "13"]
[EventCountry "DEN"]
[SourceTitle "Live v. Kasper Jerwiarz"]

1. d4 Nf6 2. Nf3 d5 3. Bf4 c5 4. c3 Nc6 5. e3 Qb6 6. Qb3 c4 7. Qc2 Bf5 8. Qc1
e6 9. Nbd2 Nh5 10. Ne5 Nxf4 11. exf4 Qc7 12. g3 Be7 13. Be2 h6 14. Qd1 b5 15.
a3 O-O 16. O-O a5 17. Bg4 Bh7 18. Qf3 Nxe5 19. fxe5 b4 20. axb4 axb4 21. Qe2
Bd3 22. Qf3 Bxf1 23. Rxa8 Rxa8 24. Nxf1 Ra2 25. Bh5 Bf8 26. cxb4 Rxb2 27. Ne3
c3 28. Qd1 c2 0-1

[Event "Lynskak DM 2023"]
[Site "Hvidovre"]
[Date "2023.05.14"]
[Round "3.8"]
[White "Nielsen, Viktor Haarmark"]
[Black "Pedersen, Jan Nordenbaek"]
[Result "1-0"]
[WhiteElo "2335"]
[BlackElo "2148"]
[PlyCount "121"]
[EventDate "2023.05.14"]
[EventType "swiss"]
[EventRounds "13"]
[EventCountry "DEN"]
[SourceTitle "Live v. Kasper Jerwiarz"]

1. e4 e5 2. Nf3 Nc6 3. Bb5 a6 4. Ba4 Nf6 5. O-O Be7 6. d3 b5 7. Bb3 O-O 8. a4
Rb8 9. axb5 axb5 10. Nc3 d6 11. h3 Be6 12. Nd5 Nd7 13. Be3 Kh8 14. Ra6 Bxd5 15.
exd5 Nb4 16. Ra7 c6 17. dxc6 Nxc6 18. Ra6 Nb4 19. Ra1 Nb6 20. d4 e4 21. Nd2 d5
22. f3 f5 23. f4 Qc7 24. Qe2 Nc4 25. Bxc4 bxc4 26. Nb1 Ra8 27. Nc3 Qc6 28. Kh2
h6 29. g4 Bd6 30. Rxa8 Qxa8 31. gxf5 Rxf5 32. Qg4 Qf8 33. Rf2 g5 34. Ne2 Nxc2
35. Bc1 e3 36. Rf1 Bxf4+ 37. Kh1 Kg7 38. h4 Kg6 39. h5+ Kg7 40. Ng3 Rf6 41. Ne2
Bd6 42. Rxf6 Qxf6 43. Qd7+ Qe7 44. Qf5 Qf6 45. Qxc2 Qf1+ 46. Ng1 e2 47. Qxe2
Qxc1 48. Qe6 Qf4 49. Qg6+ Kf8 50. Qxh6+ Ke8 51. Qe6+ Kd8 52. Kg2 Qg3+ 53. Kf1
Qd3+ 54. Kg2 Qg3+ 55. Kf1 Qd3+ 56. Ne2 Qf3+ 57. Ke1 Bg3+ 58. Kd1 Qd3+ 59. Kc1
c3 60. bxc3 Qxc3+ 61. Nxc3 1-0

[Event "Lynskak DM 2023"]
[Site "Hvidovre"]
[Date "2023.05.14"]
[Round "3.9"]
[White "Christensen, Janus"]
[Black "Sylvan, Jacob"]
[Result "0-1"]
[WhiteElo "2141"]
[BlackElo "2325"]
[PlyCount "115"]
[EventDate "2023.05.14"]
[EventType "swiss"]
[EventRounds "13"]
[EventCountry "DEN"]
[SourceTitle "Live v. Kasper Jerwiarz"]

1. Nf3 g6 2. d4 Nf6 3. c4 Bg7 4. Nc3 O-O 5. g3 d6 6. Bg2 Nc6 7. O-O a6 8. h3
Rb8 9. e4 Bd7 10. Be3 b5 11. cxb5 axb5 12. d5 Na5 13. Bd4 b4 14. Ne2 Nxe4 15.
Bxg7 Kxg7 16. Qd4+ Nf6 17. g4 c5 18. dxc6 Nxc6 19. Qe3 Qb6 20. Qg5 Qb5 21. Qxb5
Rxb5 22. Nfd4 Rb6 23. Rfe1 Ne5 24. Rad1 Rc8 25. f4 Nc4 26. Ng3 e6 27. g5 Ne8
28. b3 Na3 29. Ne4 d5 30. Ng3 Nd6 31. h4 Nab5 32. Nf3 Rc2 33. Ne5 Be8 34. h5
Nc3 35. h6+ Kf8 36. Rd4 Rxa2 37. Nd3 Nf5 38. Nxf5 gxf5 39. Rxb4 Rxb4 40. Nxb4
Rb2 41. Nd3 Rxb3 42. Ne5 d4 43. Ra1 Rb1+ 44. Rxb1 Nxb1 45. Kf2 Nc3 46. Ke1 Bb5
47. Kd2 Ne4+ 48. Ke1 Ng3 49. Bf3 Ne4 50. Kd1 Nf2+ 51. Kd2 Nh3 52. Nd3 Bxd3 53.
Kxd3 Nxf4+ 54. Kxd4 Nh3 55. g6 fxg6 56. Ke5 Ke7 57. Bd1 Ng5 58. Kd4 0-1

[Event "Lynskak DM 2023"]
[Site "Hvidovre"]
[Date "2023.05.14"]
[Round "3.10"]
[White "Kjaerbye, Michael Saager"]
[Black "Jaksland, Tim"]
[Result "0-1"]
[WhiteElo "2164"]
[BlackElo "2117"]
[PlyCount "100"]
[EventDate "2023.05.14"]
[EventType "swiss"]
[EventRounds "13"]
[EventCountry "DEN"]
[SourceTitle "Live v. Kasper Jerwiarz"]

1. d4 Nf6 2. c4 c5 3. d5 b5 4. cxb5 a6 5. b6 e6 6. Nc3 Nxd5 7. Nxd5 exd5 8.
Qxd5 Nc6 9. Nf3 Rb8 10. e4 Be7 11. Bc4 O-O 12. O-O Rxb6 13. Rd1 d6 14. Bf4 Be6
15. Qd3 Bxc4 16. Qxc4 Rxb2 17. Qxa6 Qc7 18. a4 h6 19. a5 Rb4 20. Qd3 Nxa5 21.
Bxd6 Bxd6 22. Qxd6 Qxd6 23. Rxd6 Nb3 24. Rb1 Rfb8 25. e5 Nd4 26. Rxb4 Nxf3+ 27.
gxf3 cxb4 28. Rd2 b3 29. Rb2 Kf8 30. Kf1 Ke7 31. Ke2 Ke6 32. f4 Kf5 33. Kf3 g5
34. fxg5 hxg5 35. Ke3 Kxe5 36. Kd3 Kf4 37. Ke2 f5 38. h3 Rb7 39. Kf1 Kf3 40.
Kg1 f4 41. Kf1 Rb6 42. Kg1 Ke4 43. Kg2 Rb5 44. Kf1 Kd3 45. Ke1 Kc3 46. Rb1 b2
47. Kd1 Rd5+ 48. Ke2 Kc2 49. Rg1 b1=Q 50. Rxb1 Kxb1 0-1

[Event "Lynskak DM 2023"]
[Site "Hvidovre"]
[Date "2023.05.14"]
[Round "4.1"]
[White "Pedersen, Daniel Vesterbaek"]
[Black "Larsen, Karsten"]
[Result "0-1"]
[WhiteElo "2212"]
[BlackElo "2208"]
[PlyCount "139"]
[EventDate "2023.05.14"]
[EventType "swiss"]
[EventRounds "13"]
[EventCountry "DEN"]
[SourceTitle "Live v. Kasper Jerwiarz"]

1. e4 e5 2. Nf3 Nc6 3. Nc3 Nf6 4. g3 Bc5 5. Bg2 d6 6. O-O Bg4 7. h3 Bh5 8. d3
h6 9. Be3 Bb6 10. Qd2 g5 11. g4 Bg6 12. Bxb6 axb6 13. Rae1 O-O 14. d4 Re8 15.
dxe5 dxe5 16. Qe3 Nd4 17. Rd1 c5 18. Ne1 Qe7 19. a3 Rad8 20. Nd5 Nxd5 21. exd5
Nxc2 22. Qb3 Nxe1 23. Rdxe1 Qd6 24. Re3 e4 25. Rd1 Re5 26. Rde1 Rde8 27. Rd1
Rd8 28. Rde1 Qxd5 29. Qxb6 Re6 30. Qa5 b6 31. Qa4 Qd4 32. Qb3 c4 33. Qb4 Kg7
34. Qb5 Rd5 35. Qb4 b5 36. Qa5 Rde5 37. Qa8 f5 38. Qa5 Re7 39. gxf5 Bxf5 40.
R1e2 h5 41. Rg3 g4 42. hxg4 hxg4 43. Qc3 Qxc3 44. Rxc3 Kf6 45. Rd2 Ke6 46. Re3
Rd7 47. Ree2 Rxd2 48. Rxd2 Rd5 49. Rxd5 Kxd5 50. Kf1 Kd4 51. Ke2 Be6 52. Kd2
Bd5 53. Bf1 Bc6 54. Be2 Bd7 55. Bd1 Bf5 56. Be2 Be6 57. Bd1 Bf5 58. Be2 g3 59.
fxg3 e3+ 60. Kc1 Bd3 61. Kd1 Be4 62. Kc1 Ke5 63. b3 Kd4 64. a4 bxa4 65. bxa4
Bd3 66. Kd1 Bxe2+ 67. Kxe2 c3 68. a5 c2 69. a6 c1=Q 70. g4 0-1

[Event "Lynskak DM 2023"]
[Site "Hvidovre"]
[Date "2023.05.14"]
[Round "4.2"]
[White "Thybo, Jesper Sondergaard"]
[Black "Meskenas, Paulius"]
[Result "0-1"]
[WhiteElo "2509"]
[BlackElo "2159"]
[PlyCount "67"]
[EventDate "2023.05.14"]
[EventType "swiss"]
[EventRounds "13"]
[EventCountry "DEN"]
[SourceTitle "Live v. Kasper Jerwiarz"]

1. Nf3 Nf6 2. g3 g6 3. c4 c6 4. b3 Bg7 5. Bb2 O-O 6. Bg2 d5 7. O-O b6 8. d3 Bb7
9. Nbd2 Nbd7 10. e3 Re8 11. d4 c5 12. Qe2 Rc8 13. Rac1 Ne4 14. Nxe4 dxe4 15.
Ng5 e5 16. d5 Qxg5 17. Bxe4 f5 18. Bg2 e4 19. Bxg7 Kxg7 20. b4 Qf6 21. a3 cxb4
22. axb4 Ne5 23. Rfd1 Nd3 24. Rxd3 exd3 25. Qxd3 Ba6 26. d6 Red8 27. Qa3 Rxc4
28. Rd1 Bc8 29. Qxa7+ Kh8 30. Qxb6 Rc2 31. b5 Be6 32. h4 Bf7 33. Bf3 Kg7 34.
Qa5 0-1

[Event "Lynskak DM 2023"]
[Site "Hvidovre"]
[Date "2023.05.14"]
[Round "4.3"]
[White "Boe, Mads"]
[Black "Lauridsen, Jesper Morch"]
[Result "0-1"]
[WhiteElo "2283"]
[BlackElo "2309"]
[PlyCount "56"]
[EventDate "2023.05.14"]
[EventType "swiss"]
[EventRounds "13"]
[EventCountry "DEN"]
[SourceTitle "Live v. Kasper Jerwiarz"]

1. d4 d5 2. Nf3 e6 3. c3 c5 4. Bf4 Bd6 5. Bg3 Nf6 6. e3 O-O 7. Bd3 b6 8. Nbd2
Bb7 9. Ne5 Nc6 10. f4 Ne7 11. O-O Nf5 12. Bf2 Be7 13. Qe2 Nd6 14. Bh4 Nfe4 15.
Bxe7 Qxe7 16. a4 f6 17. Nef3 Rac8 18. a5 c4 19. Bc2 b5 20. Nxe4 dxe4 21. Nd2 e5
22. fxe5 fxe5 23. Qg4 exd4 24. exd4 e3 25. Nf3 e2 26. Rfe1 Qe3+ 27. Kh1 Rxf3
28. a6 Rcf8 0-1

[Event "Lynskak DM 2023"]
[Site "Hvidovre"]
[Date "2023.05.14"]
[Round "4.4"]
[White "Kistrup, Nicolai"]
[Black "Olsen, Filip Boe"]
[Result "1-0"]
[WhiteElo "2300"]
[BlackElo "2435"]
[PlyCount "69"]
[EventDate "2023.05.14"]
[EventType "swiss"]
[EventRounds "13"]
[EventCountry "DEN"]
[SourceTitle "Live v. Kasper Jerwiarz"]

1. d4 Nf6 2. c4 e6 3. Nf3 d5 4. g3 dxc4 5. Bg2 c6 6. O-O b5 7. a4 Bb7 8. Ne5 a6
9. b3 cxb3 10. Qxb3 Qxd4 11. Bb2 Qb4 12. Qc2 Qc5 13. Qd3 Qd6 14. Qe3 Nd5 15.
Bxd5 cxd5 16. Qf3 Qe7 17. axb5 Nd7 18. bxa6 Rxa6 19. Nd2 Nxe5 20. Bxe5 f6 21.
Rxa6 Bxa6 22. Ra1 Bb7 23. Bb2 Kf7 24. Ra7 Qb4 25. Qb3 Qxd2 26. Qxb7+ Kg6 27.
Qf7+ Kh6 28. Bxf6 Qc1+ 29. Kg2 Qc4 30. Bxg7+ Bxg7 31. Qxg7+ Kh5 32. Qf7+ Kh6
33. Qxe6+ Kh5 34. Qf5+ Kh6 35. Re7 1-0

[Event "Lynskak DM 2023"]
[Site "Hvidovre"]
[Date "2023.05.14"]
[Round "4.5"]
[White "Andersen, Mads"]
[Black "Hansen, Jacob Ost"]
[Result "1-0"]
[WhiteElo "2615"]
[BlackElo "2338"]
[PlyCount "72"]
[EventDate "2023.05.14"]
[EventType "swiss"]
[EventRounds "13"]
[EventCountry "DEN"]
[SourceTitle "Live v. Kasper Jerwiarz"]

1. e4 c5 2. c3 e6 3. d4 d5 4. e5 Nc6 5. Nf3 Qb6 6. a3 a5 7. Bd3 Bd7 8. O-O cxd4
9. cxd4 Nxd4 10. Nxd4 Qxd4 11. Nc3 Qb6 12. Bd2 Ne7 13. Rc1 Nc6 14. Na4 Qa7 15.
Be3 d4 16. Bf4 Be7 17. Qg4 g6 18. h4 h5 19. Qg3 Nd8 20. b3 b5 21. Nb2 Bxa3 22.
Rc2 Rc8 23. Rxc8 Bxc8 24. Bxb5+ Bd7 25. Bxd7+ Qxd7 26. Nc4 Bb4 27. Rd1 Nc6 28.
Qf3 Kf8 29. Bg5 Be7 30. Bxe7+ Nxe7 31. Qf6 Rg8 32. Nd6 Nf5 33. Rc1 Nxd6 34.
exd6 d3 35. Rc7 Qe8 36. d7 d2 1-0

[Event "Lynskak DM 2023"]
[Site "Hvidovre"]
[Date "2023.05.14"]
[Round "4.6"]
[White "Fedder, Steen"]
[Black "Ostergaard, Jens"]
[Result "1-0"]
[WhiteElo "2380"]
[BlackElo "2278"]
[PlyCount "87"]
[EventDate "2023.05.14"]
[EventType "swiss"]
[EventRounds "13"]
[EventCountry "DEN"]
[SourceTitle "Live v. Kasper Jerwiarz"]

1. d4 Nf6 2. c4 g6 3. Nf3 Bg7 4. g3 O-O 5. Bg2 d6 6. O-O Nc6 7. Nc3 a6 8. d5
Na5 9. b3 c5 10. dxc6 bxc6 11. Bb2 Rb8 12. Nd4 Bd7 13. Rb1 Qc7 14. e4 Nb7 15.
Re1 Nc5 16. Qc2 Ng4 17. Rbd1 a5 18. h3 Nf6 19. Kh2 a4 20. f4 e5 21. fxe5 dxe5
22. Nf3 axb3 23. axb3 Nxb3 24. Rb1 Nd4 25. Qf2 Nh5 26. Ba3 Rfe8 27. Rxb8 Rxb8
28. Bc5 Qa5 29. Bd6 Rb3 30. Nxd4 exd4 31. Rf1 Be6 32. Nd5 cxd5 33. cxd5 Qd8 34.
dxe6 fxe6 35. Qf7+ Kh8 36. Qxe6 Rb6 37. e5 d3 38. Rf7 d2 39. Rd7 Qg8 40. Qxg8+
Kxg8 41. Bd5+ Kh8 42. Rd8+ Bf8 43. Bxf8 Ng7 44. Bb4+ 1-0

[Event "Lynskak DM 2023"]
[Site "Hvidovre"]
[Date "2023.05.14"]
[Round "4.7"]
[White "Jaksland, Tim"]
[Black "Nielsen, Viktor Haarmark"]
[Result "1/2-1/2"]
[WhiteElo "2117"]
[BlackElo "2335"]
[PlyCount "87"]
[EventDate "2023.05.14"]
[EventType "swiss"]
[EventRounds "13"]
[EventCountry "DEN"]
[SourceTitle "Live v. Kasper Jerwiarz"]

1. e4 c5 2. c3 Nf6 3. e5 Nd5 4. Nf3 Nc6 5. Bc4 e6 6. d4 cxd4 7. cxd4 d6 8. O-O
Be7 9. Qe2 O-O 10. Nc3 Nxc3 11. bxc3 dxe5 12. dxe5 b6 13. Bd3 Bb7 14. Rd1 Qc7
15. h4 Na5 16. Bg5 Rad8 17. Rac1 Rd5 18. Qe4 g6 19. Qf4 Rc5 20. h5 Bxf3 21.
Bxe7 Qxe7 22. gxf3 Nc6 23. Re1 Rd8 24. Bb1 Rdd5 25. Be4 Rxe5 26. Bxc6 Qg5+ 27.
Qg3 Qxg3+ 28. fxg3 Rxe1+ 29. Rxe1 Rxc6 30. hxg6 Rxc3 31. gxf7+ Kxf7 32. Rf1 Rc2
33. a4 Ra2 34. Rc1 Rxa4 35. Rc7+ Kg6 36. Kf2 Ra2+ 37. Ke3 Ra4 38. g4 h5 39.
gxh5+ Kxh5 40. Re7 Kg5 41. Rxe6 Kf5 42. Rc6 b5 43. Rc5+ Kf6 44. Rxb5 1/2-1/2

[Event "Lynskak DM 2023"]
[Site "Hvidovre"]
[Date "2023.05.14"]
[Round "4.8"]
[White "Sylvan, Jacob"]
[Black "Morkore, Thomas"]
[Result "1-0"]
[WhiteElo "2325"]
[BlackElo "1934"]
[PlyCount "45"]
[EventDate "2023.05.14"]
[EventType "swiss"]
[EventRounds "13"]
[EventCountry "DEN"]
[SourceTitle "Live v. Kasper Jerwiarz"]

1. d4 d5 2. Nf3 Nf6 3. g3 c6 4. Bg2 Bf5 5. c4 e6 6. Qb3 Qb6 7. c5 Qxb3 8. axb3
Nbd7 9. b4 Be7 10. Nc3 O-O 11. O-O h6 12. b5 e5 13. b4 e4 14. Nd2 Bg4 15. f3
exf3 16. exf3 Bf5 17. Re1 Rfe8 18. Nb3 Bf8 19. Rxe8 Rxe8 20. Kf2 Ra8 21. b6 a6
22. Na5 Rb8 23. Bf4 1-0

[Event "Lynskak DM 2023"]
[Site "Hvidovre"]
[Date "2023.05.14"]
[Round "4.9"]
[White "Nielsen, Jan Mose"]
[Black "Skytte, Rasmus"]
[Result "0-1"]
[WhiteElo "2009"]
[BlackElo "2430"]
[PlyCount "76"]
[EventDate "2023.05.14"]
[EventType "swiss"]
[EventRounds "13"]
[EventCountry "DEN"]
[SourceTitle "Live v. Kasper Jerwiarz"]

1. d4 Nf6 2. Nf3 c5 3. d5 d6 4. c4 b5 5. cxb5 a6 6. bxa6 Bxa6 7. Nc3 g6 8. e4
Bxf1 9. Kxf1 Bg7 10. g3 O-O 11. Kg2 Nbd7 12. h3 Qb6 13. Re1 Ne8 14. Re2 Nc7 15.
Bf4 h6 16. Rb1 Nb5 17. Nxb5 Qxb5 18. a3 g5 19. Bd2 Rfb8 20. Re3 Nb6 21. Rb3 Qc4
22. Bc3 Qxe4 23. Bxg7 Kxg7 24. Re3 Qxd5 25. Rxe7 Qxd1 26. Rxd1 Rd8 27. Rb7 Nc4
28. Rc1 Na5 29. Rc7 Rab8 30. Rc2 Nb3 31. Re2 Re8 32. Rxe8 Rxe8 33. Rd7 Re6 34.
Rb7 c4 35. a4 Re2 36. Rd7 Rxb2 37. Rxd6 c3 38. Rc6 c2 0-1

[Event "Lynskak DM 2023"]
[Site "Hvidovre"]
[Date "2023.05.14"]
[Round "4.10"]
[White "Jarlskov, Daniel Tuk Hartso"]
[Black "Hoi, Carsten"]
[Result "0-1"]
[WhiteElo "2023"]
[BlackElo "2333"]
[PlyCount "72"]
[EventDate "2023.05.14"]
[EventType "swiss"]
[EventRounds "13"]
[EventCountry "DEN"]
[SourceTitle "Live v. Kasper Jerwiarz"]

1. d4 d5 2. c4 dxc4 3. Nf3 Nf6 4. g3 Nc6 5. Bg2 Bg4 6. e3 e5 7. h3 Bb4+ 8. Bd2
Bxf3 9. Bxf3 e4 10. Bg2 O-O 11. Qc2 Qd5 12. a3 Ba5 13. O-O Rfe8 14. Rc1 b5 15.
a4 a6 16. axb5 axb5 17. Bxa5 Rxa5 18. Rxa5 Nxa5 19. Nc3 Qb7 20. Ra1 Nb3 21. Ra3
b4 22. Rxb3 cxb3 23. Qxb3 Rb8 24. Na4 Qa6 25. Nc5 Qe2 26. Nxe4 Qe1+ 27. Kh2
Nxe4 28. Bxe4 Qxf2+ 29. Bg2 h6 30. d5 Ra8 31. Qxb4 Ra1 32. h4 Ra2 33. Qb8+ Kh7
34. Qb4 Rxb2 35. Qe4+ f5 36. Qf3 Qxf3 0-1

[Event "Lynskak DM 2023"]
[Site "Hvidovre"]
[Date "2023.05.14"]
[Round "5.1"]
[White "Lauridsen, Jesper Morch"]
[Black "Larsen, Karsten"]
[Result "1-0"]
[WhiteElo "2309"]
[BlackElo "2208"]
[PlyCount "53"]
[EventDate "2023.05.14"]
[EventType "swiss"]
[EventRounds "13"]
[EventCountry "DEN"]
[SourceTitle "Live v. Kasper Jerwiarz"]

1. e4 e5 2. Nf3 Nc6 3. d4 exd4 4. Bc4 Nf6 5. O-O Be7 6. Nxd4 Nxd4 7. Qxd4 d6 8.
Nc3 O-O 9. Bg5 Re8 10. Rad1 Nd7 11. Bxe7 Qxe7 12. Nd5 Qd8 13. Rd3 Ne5 14. Rg3
Be6 15. f4 Bxd5 16. fxe5 dxe5 17. Qxd5 Qxd5 18. Bxd5 Re7 19. Bxb7 Rb8 20. Bd5
Kf8 21. Rgf3 f6 22. Rb3 Rb6 23. Rxb6 axb6 24. Kf2 Rd7 25. Ke3 Ke7 26. c3 Rd8
27. Rd1 1-0

[Event "Lynskak DM 2023"]
[Site "Hvidovre"]
[Date "2023.05.14"]
[Round "5.2"]
[White "Meskenas, Paulius"]
[Black "Kistrup, Nicolai"]
[Result "0-1"]
[WhiteElo "2159"]
[BlackElo "2300"]
[PlyCount "46"]
[EventDate "2023.05.14"]
[EventType "swiss"]
[EventRounds "13"]
[EventCountry "DEN"]
[SourceTitle "Live v. Kasper Jerwiarz"]

1. e4 c5 2. Nf3 d6 3. c3 Nf6 4. Bd3 Nc6 5. Bc2 e5 6. h3 d5 7. exd5 Qxd5 8. O-O
Be6 9. d3 O-O-O 10. Nbd2 h6 11. Qe2 g5 12. Ne4 Be7 13. Nxf6 Bxf6 14. Nh2 h5 15.
Rd1 g4 16. hxg4 hxg4 17. Nxg4 Rdg8 18. Ne3 Qd8 19. Qf3 Bg5 20. Bb3 Bf4 21.
Bxe6+ fxe6 22. g3 Qh4 23. Kf1 Bxg3 0-1

[Event "Lynskak DM 2023"]
[Site "Hvidovre"]
[Date "2023.05.14"]
[Round "5.3"]
[White "Sylvan, Jacob"]
[Black "Andersen, Mads"]
[Result "0-1"]
[WhiteElo "2325"]
[BlackElo "2615"]
[PlyCount "42"]
[EventDate "2023.05.14"]
[EventType "swiss"]
[EventRounds "13"]
[EventCountry "DEN"]
[SourceTitle "Live v. Kasper Jerwiarz"]

1. d4 d5 2. Nf3 c5 3. g3 cxd4 4. Bg2 Nf6 5. O-O h6 6. b3 h5 7. h3 h4 8. g4 Bxg4
9. hxg4 h3 10. Bh1 h2+ 11. Nxh2 Nc6 12. Bg2 e5 13. c3 Bd6 14. Re1 e4 15. Nf1
Nxg4 16. cxd4 Qh4 17. Be3 Bh2+ 18. Nxh2 Qxh2+ 19. Kf1 Nxe3+ 20. fxe3 Rh6 21.
Nd2 Rg6 0-1

[Event "Lynskak DM 2023"]
[Site "Hvidovre"]
[Date "2023.05.14"]
[Round "5.4"]
[White "Pedersen, Daniel Vesterbaek"]
[Black "Fedder, Steen"]
[Result "1/2-1/2"]
[WhiteElo "2212"]
[BlackElo "2380"]
[PlyCount "91"]
[EventDate "2023.05.14"]
[EventType "swiss"]
[EventRounds "13"]
[EventCountry "DEN"]
[SourceTitle "Live v. Kasper Jerwiarz"]

1. e4 e5 2. Nf3 Nc6 3. Nc3 Nf6 4. g3 Bc5 5. Bg2 d6 6. O-O O-O 7. d3 h6 8. h3
Re8 9. Be3 Bb6 10. d4 Qe7 11. Qd2 Bd7 12. Rfe1 exd4 13. Nxd4 Nxd4 14. Bxd4 Bxd4
15. Qxd4 Bc6 16. f4 Nh5 17. Kh2 Qf6 18. Qd3 Qg6 19. Re3 Nf6 20. Rae1 Qh5 21.
Bf3 Qc5 22. a3 a5 23. g4 g5 24. f5 Qe5+ 25. Kg2 Re7 26. h4 Rae8 27. hxg5 hxg5
28. Rh1 Kg7 29. Kg1 Rh8 30. Rxh8 Kxh8 31. Re2 Kg7 32. Qe3 Qg3+ 33. Rg2 Qf4 34.
Qxf4 gxf4 35. Re2 Nd7 36. g5 f6 37. g6 Ne5 38. Kf2 Re8 39. Re1 Rh8 40. Rh1 Rxh1
41. Bxh1 Nc4 42. Nd1 Nd2 43. Nc3 Nc4 44. Nd1 Nd2 45. Nc3 Nc4 46. Nd1 1/2-1/2

[Event "Lynskak DM 2023"]
[Site "Hvidovre"]
[Date "2023.05.14"]
[Round "5.5"]
[White "Nielsen, Viktor Haarmark"]
[Black "Thybo, Jesper Sondergaard"]
[Result "0-1"]
[WhiteElo "2335"]
[BlackElo "2509"]
[PlyCount "52"]
[EventDate "2023.05.14"]
[EventType "swiss"]
[EventRounds "13"]
[EventCountry "DEN"]
[SourceTitle "Live v. Kasper Jerwiarz"]

1. d4 Nf6 2. c4 e6 3. Nf3 c5 4. d5 exd5 5. cxd5 d6 6. Nc3 g6 7. Bf4 a6 8. a4
Bg7 9. h3 O-O 10. e3 Re8 11. Nd2 Nfd7 12. Be2 Ne5 13. O-O Nbd7 14. Bh2 f5 15.
Qc2 Qe7 16. Rae1 Nf6 17. f4 Nf7 18. Bf3 b5 19. axb5 axb5 20. e4 b4 21. Nd1 fxe4
22. Nxe4 Bf5 23. Ndf2 Nxe4 24. Bxe4 Bd4 25. Bxf5 Qxe1 26. Be6 Ra1 0-1

[Event "Lynskak DM 2023"]
[Site "Hvidovre"]
[Date "2023.05.14"]
[Round "5.7"]
[White "Hoi, Carsten"]
[Black "Jaksland, Tim"]
[Result "1-0"]
[WhiteElo "2333"]
[BlackElo "2117"]
[PlyCount "37"]
[EventDate "2023.05.14"]
[EventType "swiss"]
[EventRounds "13"]
[EventCountry "DEN"]
[SourceTitle "Live v. Kasper Jerwiarz"]

1. d4 Nf6 2. Nf3 e6 3. e3 c5 4. Bd3 cxd4 5. exd4 b6 6. O-O Bb7 7. c4 Be7 8. Nc3
O-O 9. d5 Na6 10. Bf4 exd5 11. cxd5 d6 12. Re1 h6 13. Qd2 Nb4 14. Bc4 Rc8 15.
Bb3 Nh5 16. Bxh6 gxh6 17. Qxh6 Ng7 18. a3 Nf5 19. Qh3 1-0

[Event "Lynskak DM 2023"]
[Site "Hvidovre"]
[Date "2023.05.14"]
[Round "5.8"]
[White "Olsen, Filip Boe"]
[Black "Pedersen, Jan Nordenbaek"]
[Result "0-1"]
[WhiteElo "2435"]
[BlackElo "2148"]
[PlyCount "86"]
[EventDate "2023.05.14"]
[EventType "swiss"]
[EventRounds "13"]
[EventCountry "DEN"]
[SourceTitle "Live v. Kasper Jerwiarz"]

1. d4 Nf6 2. Nf3 g6 3. Bf4 Bg7 4. e3 O-O 5. h3 d6 6. Bd3 Nfd7 7. c3 e5 8. Bh2
Nc6 9. O-O Qe7 10. Nbd2 f5 11. Qe2 Kh8 12. Bc4 Nb6 13. Bb3 exd4 14. cxd4 Nxd4
15. Nxd4 Bxd4 16. Nf3 Bf6 17. Rac1 c6 18. Rfd1 d5 19. Nd4 Nd7 20. a4 Nc5 21.
Bc2 Ne4 22. f3 Nd6 23. b4 Nc4 24. Kf2 Bd7 25. b5 Rae8 26. Bf4 g5 27. Bh2 Qxe3+
28. Qxe3 Nxe3 29. Rd2 f4 30. bxc6 bxc6 31. Bb3 Bxd4 32. Rxd4 Nf5 33. Rd2 Re3
34. Bc2 Nd6 35. g3 Nc4 36. Rd4 Ne5 37. Bd1 Nd3+ 38. Rxd3 Rxd3 39. gxf4 gxf4 40.
Be2 Rd2 41. Ke1 Ra2 42. Bg1 Re8 43. Bd4+ Kg8 0-1

[Event "Lynskak DM 2023"]
[Site "Hvidovre"]
[Date "2023.05.14"]
[Round "5.9"]
[White "Thorsbro, Peter"]
[Black "Hansen, Jacob Ost"]
[Result "1-0"]
[WhiteElo "2165"]
[BlackElo "2338"]
[PlyCount "55"]
[EventDate "2023.05.14"]
[EventType "swiss"]
[EventRounds "13"]
[EventCountry "DEN"]
[SourceTitle "Live v. Kasper Jerwiarz"]

1. d4 Nf6 2. c4 c5 3. d5 e5 4. Nc3 d6 5. g3 Be7 6. Bg2 O-O 7. e3 Nbd7 8. Nge2
Ne8 9. O-O f5 10. f4 Bf6 11. Qc2 g6 12. Rb1 a6 13. a3 Ng7 14. b4 b6 15. Kh1 g5
16. fxg5 Bxg5 17. e4 Bxc1 18. Qxc1 Nf6 19. Qg5 fxe4 20. Nxe4 Nxe4 21. Rxf8+
Qxf8 22. Bxe4 Qf2 23. Qd8+ Kf7 24. Bg2 Qxe2 25. Rf1+ Kg6 26. Qxd6+ Kg5 27. Qf6+
Kh5 28. Qh4+ 1-0